[Event "FIDE Chesscom Online Nations Cup"]
[Site "Online"]
[Date "2020.05.07"]
[Round "5"]
[White "Hou, Yifan"]
[Black "Krush, Irina"]
[Result "1-0"]
[WhiteElo "2621"]
[BlackElo "2392"]
[Annotator "TA"]
[PlyCount "71"]
[EventDate "2020.05.05"]
[EventType "team-tourn"]
[SourceTitle "playchess.com"]
[Source "ChessBase"]
[SourceQuality "1"]
[WhiteTeam "China"]
[BlackTeam "United States"]
[WhiteTeamCountry "CHN"]
[BlackTeamCountry "USA"]

{[%evp 9,71,0,19,19,26,31,31,30,40,41,20,12,12,-8,15,19,10,12,17,5,21,21,214,219,204,207,238,232,237,231,261,263,254,237,397,415,408,416,416,416,416,416,416,416,413,407,416,416,390,397,401,364,413,411,436,427,962,948,716,876,729,691,2232,1650]} 1. e4 c5 2. Nf3 d6 3. Bb5+ Bd7 4. c4 Bxb5 5. cxb5 Nf6 6. Nc3 {B52: Sicilian: Moscow Variation with 3...Bd7.} g6 7. d4 cxd4 8. Nxd4 {White is slightly better.} Bg7 9. O-O O-O 10. Be3 Nbd7 11. Qe2 Rc8 12. Rfd1 Re8 13. Rac1 {[#]} e6 $146 ({Predecessor:} 13... Rc7 14. a4 Qb8 15. a5 Rec8 16. a6 Nxe4 17. Nd5 Rxc1 18. Bxc1 Bxd4 19. Nxe7+ Kg7 20. Qxe4 Rc4 21. Be3 Bxe3 22. Qxc4 Bc5 23. Qc3+ f6 24. b4 {1-0 (24) David,A (2585)-Georgiev,K (2627) Padova 2015}) 14. Nb3 Nb6 15. Na5 $36 {[%mdl 2048] Black is under pressure.} d5 $2 {Loses the game.} (15... Rc7 $11) 16. e5 $18 ({Don't do} 16. Nxb7 $6 Qe7 $16) 16... Nfd7 17. Nxb7 Qh4 18. Nd6 Bxe5 19. g3 Qf6 20. Nxc8 Rxc8 21. f4 Bb8 $2 (21... Bc7 {was worth a try.} 22. a4 Qd8) 22. Bxb6 Nxb6 {[#]} 23. Nxd5 $1 {[%mdl 512]} exd5 (23... Nxd5 24. Rxc8+) 24. Rxc8+ Nxc8 25. Qe8+ {[%mdl 64] Double Attack} Kg7 26. Qxc8 {[%mdl 4096] Endgame KQR-KQB} Qb6+ 27. Kg2 Qxb5 {next ...Qe2+ is good for Black.} 28. Qc3+ Kg8 {With the idea ...Qe2+.} 29. Rd2 Bd6 {[#]} 30. Qb3 $1 Qa6 31. Qxd5 Be7 32. f5 {White is clearly winning.} Bf6 (32... g5 $142 33. Qe4 Qf6) 33. fxg6 hxg6 34. Rf2 Kg7 35. Qf3 Qe6 36. Qxf6+ {Accuracy: White = 100%, Black = 55%.} 1-0

[Event "FIDE Chesscom Online Nations Cup"]
[Site "Online"]
[Date "2020.05.07"]
[Round "5"]
[White "Amin, Bassem"]
[Black "Giri, Anish"]
[Result "1-0"]
[WhiteElo "2608"]
[BlackElo "2731"]
[Annotator "TA"]
[PlyCount "105"]
[EventDate "2020.05.05"]
[EventType "team-tourn"]
[SourceTitle "playchess.com"]
[Source "ChessBase"]
[SourceQuality "1"]
[WhiteTeam "World"]
[BlackTeam "Europe"]
[WhiteTeamCountry "EGY"]
[BlackTeamCountry "NED"]

{[%evp 16,105,0,-9,-8,-29,0,-26,-25,-35,-30,-44,-16,-30,0,0,0,0,28,22,29,0,0,0,10,14,20,13,17,10,10,11,17,17,73,82,148,156,177,175,188,179,160,175,188,128,147,141,149,143,243,239,236,234,231,197,252,245,234,150,163,158,139,89,316,311,307,321,305,308,554,498,609,440,440,440,440,377,874,865,783,440,440,440,440,440,440,440,440,436,29993,29994]} 1. e4 c5 2. Nf3 d6 3. g3 Nf6 4. d3 g6 5. Bg2 Bg7 6. O-O O-O 7. Re1 Nc6 8. c3 e5 9. a3 b5 {[%cal Bb7b5,Bb5b4][%mdl 32] A05: Réti Opening: 1 Nf3 Nf6.} 10. h3 Rb8 11. Be3 a5 {[#] Black has an edge.} 12. a4 $146 ({Predecessor:} 12. Nbd2 Be6 13. d4 cxd4 14. cxd4 exd4 15. Nxd4 Nxd4 16. Bxd4 Qd7 17. Qf3 Qe7 18. Nb3 {1-0 (52) Amin,B (2631)-Gajewski,G (2644) Reykjavik 2013}) 12... b4 13. Nbd2 h6 14. Rc1 Re8 15. d4 bxc3 16. bxc3 exd4 17. cxd4 Nb4 18. Nc4 {Threatens to win with Nxd6!} Nxe4 19. dxc5 {[%cal Rc4d6]} Na2 20. Nxd6 Nxd6 21. Rc2 $1 Bf5 (21... Nb4 $6 22. Rd2 $16) 22. Rxa2 {Hoping for Rd2.} Nc4 $1 23. Qxd8 Rbxd8 24. c6 Rc8 {[#]} (24... Nxe3 $11 25. Rxe3 Rd1+ 26. Kh2 Rxe3 27. fxe3 Kf8) 25. Nd2 $1 $16 {[%cal Rd2c4]} Ne5 {[#]} (25... Nxe3 $142 26. Rxe3 Rxe3 27. fxe3 Be6) 26. g4 $1 $36 {[%cal Rg4f5][%mdl 2048] White has strong initiative.} Nd3 27. Rb1 Be6 28. Rc2 Nb4 29. Rc5 Ba2 30. Rf1 ({Better is} 30. Rd1 $18) 30... Bf8 {...Rxe3 is the strong threat.} 31. Rxa5 Nxc6 32. Rb5 Ne5 (32... Bg7 $16) 33. Ra1 $18 Bc4 34. Nxc4 Nxc4 35. Bd4 Red8 (35... Na3 $142) 36. Bf6 Rd6 37. g5 hxg5 38. Bxg5 Na3 39. Rb3 ({Not} 39. Rxa3 Rd1+ 40. Bf1 Bxa3 $11) 39... f6 $2 {This move loses the game for Black.} (39... Nc2 $16 {is a better defense.} 40. Rc1 Rc5) 40. Be3 ({Don't play} 40. Rbxa3 $6 fxg5 41. a5 Rcd8 $18) 40... Nc2 41. Rc1 Rc4 42. Bf1 Rc8 $2 (42... Rcc6 {might work better.} 43. Bb5 Nd4 44. Rxc6 Nxc6 45. Bc4+ Kh7 46. Rb7+ Kh8) 43. a5 {[%cal Ba4a5,Ba5a6,Ba6a7][%mdl 32]} Rdc6 44. Bb6 Nb4 45. Rxc6 Rxc6 46. a6 Rc1 $2 (46... Nxa6 47. Bxa6 Bc5 48. Bxc5 Rxc5) 47. a7 Ra1 48. Rxb4 {[%mdl 64] Promotion} Bxb4 49. Kg2 Bd6 50. Bc4+ Kg7 51. Bd5 Bc7 {[#]} 52. Bd4 $1 {[%mdl 512]} Be5 (52... Rxa7 $18 53. Bxa7 Be5) 53. Bxa1 {Accuracy: White = 73%, Black = 55%.} 1-0

[Event "FIDE Chesscom Online Nations Cup"]
[Site "Online"]
[Date "2020.05.07"]
[Round "5"]
[White "Girya, Olga"]
[Black "Harika, Dronavalli"]
[Result "1/2-1/2"]
[WhiteElo "2471"]
[BlackElo "2450"]
[Annotator "TA"]
[PlyCount "75"]
[EventDate "2020.05.05"]
[EventType "team-tourn"]
[SourceTitle "playchess.com"]
[Source "ChessBase"]
[SourceQuality "1"]
[WhiteTeam "Russia"]
[BlackTeam "India"]
[WhiteTeamCountry "RUS"]
[BlackTeamCountry "IND"]

{[%evp 25,75,25,18,18,41,49,39,22,27,19,18,9,38,0,0,0,0,0,0,0,9,0,0,0,0,0,0,0,10,0,0,0,0,0,0,0,0,0,0,0,0,0,2,0,0,0,0,0,0,0,0,0]} 1. d4 Nf6 2. c4 d6 3. Nc3 e5 4. Nf3 exd4 5. Nxd4 g6 6. e4 Bg7 7. Be2 O-O 8. O-O Re8 9. f3 Nc6 10. Be3 Nh5 11. Qd2 Nf4 12. Nxc6 Nxe2+ 13. Nxe2 bxc6 14. Bd4 {E94: King's Indian: Classical: 6 Be2 e5 7 0-0: Various Black 7th moves.} c5 15. Bxg7 Kxg7 16. Nc3 {White is slightly better.} Bb7 17. Rad1 Bc6 18. Rfe1 Rb8 {[#]} 19. e5 $146 ({Predecessor:} 19. b3 Qf6 20. Ne2 Re7 21. Qa5 Rbe8 22. Ng3 h5 23. Nf1 Qe6 24. Ne3 Kh7 25. b4 cxb4 26. Qxb4 {1-0 (67) Ubilava,E (2540)-Ubach Miralda,M (2300) Terrassa 1996}) 19... Qh4 {The position is equal.} 20. b3 Qd4+ 21. Qxd4 cxd4 22. Rxd4 dxe5 23. Rd2 a5 24. Nd5 Rb7 25. Re3 a4 26. bxa4 Bxd5 27. Rxd5 Rb4 28. Rexe5 Rxe5 29. Rxe5 Rxc4 $11 {[%mdl 4096] Endgame KR-KR} 30. a5 Ra4 31. Rc5 Rxa2 32. h4 h5 33. Kh2 Kf8 34. Kg3 Ra4 35. Kh3 c6 36. g3 Ke7 {next ...Kd6 is good for Black.} 37. Rxc6 Rxa5 38. g4 {Accuracy: White = 95%, Black = 95%.} 1/2-1/2

[Event "FIDE Chesscom Online Nations Cup"]
[Site "Online"]
[Date "2020.05.07"]
[Round "5"]
[White "Dzagnidze, Nana"]
[Black "Saduakassova, Dinara"]
[Result "1-0"]
[WhiteElo "2447"]
[BlackElo "2412"]
[Annotator "TA"]
[PlyCount "99"]
[EventDate "2020.05.05"]
[EventType "team-tourn"]
[SourceTitle "playchess.com"]
[Source "ChessBase"]
[SourceQuality "1"]
[WhiteTeam "Europe"]
[BlackTeam "World"]
[WhiteTeamCountry "GEO"]

{[%evp 21,99,31,46,0,11,11,11,11,10,19,21,22,34,34,33,38,40,35,26,26,75,68,77,76,100,31,36,27,25,17,52,41,102,30,38,34,101,101,101,116,127,105,105,105,241,216,216,216,242,228,199,191,241,186,504,487,691,654,609,577,727,705,817,818,1660,1625,1553,1209,1164,1020,1934,1941,1834,1788,1560,1483,29974,29974,6613,5954]} 1. Nf3 Nf6 2. c4 c5 3. Nc3 Nc6 4. g3 d5 5. d4 e6 6. cxd5 Nxd5 7. Bg2 cxd4 8. Nxd4 Nxc3 9. bxc3 Nxd4 10. Qxd4 Qxd4 11. cxd4 Bd6 12. Bf4 {D41: Queen's Gambit Declined: Semi-Tarrasch with 5 cxd5.} Ke7 13. Bxd6+ Kxd6 14. Kd2 {The position is equal.} Rb8 15. e4 b6 16. Rhc1 Bb7 {[#]} 17. Rc3 $146 ({Predecessor:} 17. f4 Kd7 18. Ke3 Rbc8 19. d5 Rxc1 20. Rxc1 exd5 21. Bh3+ Kd8 22. e5 Re8 23. Kd4 {½-½ (39) Schneider Zinner,H (2155)-Detter,P (2260) Austria 1996}) 17... Rhc8 18. Ra3 a5 19. Rb1 Ba6 20. Rab3 Kc7 21. a4 Bc4 22. R3b2 b5 23. axb5 (23. Rc1 $16 Kb6 24. Rbc2) 23... Kb6 $14 24. Ra1 Rc7 25. f4 f6 26. Ke3 e5 ({Black should try} 26... h6 $14) 27. d5 (27. fxe5 $16 fxe5 28. dxe5) 27... Rc5 $11 28. Rc2 $36 {[%mdl 2048] White has some pressure.} Bxb5 (28... Rbc8 $14) 29. Rxc5 $16 Kxc5 30. Rxa5 $14 {[%mdl 4096] Endgame KRB-KRB} Kb6 31. Ra2 Rc8 32. Rb2 {[#] Threatens to win with Bf1.} Ka5 {Black cannot hold the game after this.} (32... Rc1 $16) 33. fxe5 fxe5 34. Bf3 g6 35. Bg4 Rc3+ 36. Kf2 {d6 is the strong threat.} h5 37. Be2 Bxe2 $2 (37... Ba4 {is more resistant.} 38. h4 Rc2) 38. Kxe2 $18 {KR-KR} ({Weaker is} 38. Rxe2 Kb6 $16) 38... Rc4 (38... g5 $142 39. Rb8 Ka6) 39. Kd3 Rd4+ 40. Ke3 Rd1 41. Rd2 Re1+ 42. Kf2 Rc1 43. d6 {[#] Threatening mate with d7.} Rc8 44. Rd5+ Kb6 45. Rxe5 Rf8+ 46. Ke3 Kc6 47. Re6 g5 48. e5 Kd5 49. Re7 g4 50. d7 {Accuracy: White = 86%, Black = 45%.} 1-0

[Event "FIDE Chesscom Online Nations Cup"]
[Site "Online"]
[Date "2020.05.07"]
[Round "6"]
[White "Nakamura, Hikaru"]
[Black "Anand, Viswanathan"]
[Result "1/2-1/2"]
[WhiteElo "2829"]
[BlackElo "2751"]
[Annotator "TA"]
[PlyCount "138"]
[EventDate "2020.05.05"]
[EventType "team-tourn"]
[SourceTitle "playchess.com"]
[Source "ChessBase"]
[SourceQuality "1"]
[WhiteTeam "United States"]
[BlackTeam "India"]
[WhiteTeamCountry "USA"]
[BlackTeamCountry "IND"]

{[%evp 18,138,35,31,33,23,26,19,42,38,56,58,62,44,51,47,60,47,54,52,60,52,59,49,58,42,46,0,0,-48,-51,-56,-40,-95,-97,-95,-82,-106,-95,-101,-111,-186,-189,-195,-196,-189,-198,-329,-322,-332,-327,-316,-324,-311,-266,-316,-258,-262,-249,-266,-261,-256,-216,-220,-213,-217,-212,-198,-179,-170,-164,-162,-106,-129,-100,-231,-211,-211,-120,-115,-71,-117,-18,-20,0,0,0,0,0,0,0,-139,-136,-403,0,0,0,0,0,-3,-3,-104,-107,-126,-107,-128,-145,-124,0,0,0,0,0,0,0,0,0,0,0,0,0,0,0]} 1. c4 e6 2. Nc3 d5 3. d4 Nf6 4. cxd5 exd5 5. Bg5 c6 6. e3 Bf5 7. Qf3 Bg6 8. Bxf6 Qxf6 9. Qxf6 gxf6 10. Nf3 Nd7 {D35: Queen's Gambit Declined: Exchange Variation.} 11. Nh4 Be7 12. Be2 {12.Ne2 is becoming the main line.} f5 13. Nf3 {[#]} Nb6 $146 ({Predecessor:} 13... Bd6 14. g3 Nf6 15. Nh4 Ne4 16. Bd3 Be7 17. Ne2 Bxh4 18. gxh4 Bh5 19. Nf4 Bf3 {½-½ (31) Coco,C (2433)-Calzolari,G (2510) Italy 1999}) 14. O-O a5 15. Bd3 Bd6 16. g3 Ke7 17. Ne2 Kf6 18. Nf4 a4 19. Rac1 Nd7 {[%cal Bb6d7,Bd7f8,Bf8e6][%mdl 32]} 20. Rc2 Nf8 21. Ng2 Ne6 22. Nfh4 f4 23. Bxg6 hxg6 24. gxf4 Rag8 25. Kh1 ({White should try} 25. Rb1 $15) 25... g5 $17 26. fxg5+ Nxg5 27. f3 Ke6 $1 {[%mdl 1024] Black has strong compensation.} 28. Re2 Kd7 29. e4 (29. Rc2 $17) 29... Rh5 $1 $19 30. e5 Bc7 31. f4 Ne4 32. f5 (32. Re3 $142) 32... Rg4 33. Rf3 Rgxh4 (33... Rhxh4 34. Nxh4 Rxh4 35. Rg2 $19) 34. Nxh4 Rxh4 35. Rg2 Rh7 36. b3 c5 37. e6+ Ke7 ({Much less strong is} 37... fxe6 38. f6 $19) 38. dxc5 fxe6 39. fxe6 Kxe6 ({Don't do} 39... Nxc5 40. Rf7+ Rxf7 41. exf7 $17) 40. Rg6+ Ke5 41. c6 bxc6 42. Rxc6 Bd6 43. bxa4 Ra7 44. Rc2 Rxa4 (44... d4 $1 $19 45. Rb2 Rxa4) 45. h4 $17 Rc4 46. Re2 (46. Rb2 $17) 46... d4 $1 $19 47. Kg2 Rc7 (47... Kd5 $1 $19 48. Rb2 Rc7) 48. h5 $17 Rh7 49. Rh3 {[#]} Kd5 (49... Kf5 $1 $17 {White must now prevent ...Rg7+.} 50. h6 Bf4 51. Rh5+ Bg5 52. Rxe4 {[%mdl 64] Remove Defender} Kxe4 53. Rxg5 Rxh6) 50. h6 $11 Nf6 51. a4 Ng4 52. a5 Nxh6 {Strongly threatening ...Rg7+.} 53. Rh5+ Kc4 54. Rc2+ (54. a6 $11 {remains equal.}) 54... Kd3 $17 55. Rc6 $2 {[%mdl 8192]} (55. Ra2 $17 {keeps fighting.}) 55... Bf4 $2 ({Better is} 55... Rg7+ $19 56. Kf1 Rf7+ 57. Kg2 Bf4 58. Rh3+ Ke4 59. Rhxh6 Bxh6 60. Rxh6 d3) 56. Rf6 $11 Be3 {Hoping for ...Rg7+.} 57. Kf3 Ra7 {And now ...Nf7 would win.} 58. a6 Nf7 {...Ng5+ is the strong threat.} 59. Rb5 (59. Ra5 $1 $11 {keeps the balance.}) 59... Ng5+ $17 60. Kg4 Ne4 61. Rg6 Ra8 62. Ra5 {[#]} Ke2 (62... Bd2 $1 $17 {[%cal Rd2a5]} 63. Ra3+ Bc3) 63. Ra2+ $11 {The position is equal.} Nd2 64. a7 d3 65. Re6 Kf2 66. Rd6 Rxa7 67. Rxa7 Bxa7 68. Rxd3 Be3 69. Rxe3 Kxe3 {Accuracy: White = 70%, Black = 83%.} 1/2-1/2

[Event "FIDE Chesscom Online Nations Cup"]
[Site "Online"]
[Date "2020.05.07"]
[Round "6"]
[White "Aronian, Levon"]
[Black "Artemiev, Vladislav"]
[Result "1/2-1/2"]
[WhiteElo "2778"]
[BlackElo "2769"]
[Annotator "TA"]
[PlyCount "57"]
[EventDate "2020.05.05"]
[EventType "team-tourn"]
[SourceTitle "playchess.com"]
[Source "ChessBase"]
[SourceQuality "1"]
[WhiteTeam "Europe"]
[BlackTeam "Russia"]
[WhiteTeamCountry "ARM"]
[BlackTeamCountry "RUS"]

{[%evp 18,57,14,8,8,10,0,4,6,8,32,31,33,21,20,25,28,28,36,26,24,30,38,39,33,22,66,68,66,62,68,2,3,6,63,70,63,0,69,0,35,0]} 1. Nf3 Nf6 2. c4 c6 3. Nc3 d5 4. d4 e6 5. e3 Nbd7 6. Qc2 Bd6 7. Bd3 O-O 8. O-O dxc4 9. Bxc4 e5 10. b3 exd4 {D46: Semi-Slav: 5 e3 Nbd7 6 Bd3, Black avoids the Meran.} 11. Nxd4 Ne5 12. Be2 {[#]} Qe7 $146 {The position is equal.} ({Predecessor:} 12... Re8 13. Bb2 Ng6 14. Rad1 Qc7 15. Nf3 Bg4 16. h3 Bxf3 17. Bxf3 Nh4 18. Be2 Rad8 19. Kh1 Ng6 20. Rd3 Be5 21. Rfd1 Rxd3 22. Bxd3 Qe7 23. Bf1 Rd8 24. Rxd8+ Qxd8 25. b4 {½-½ (25) Siigur,J (2422)-Walter,G (2452) ICCF email 2016}) 13. Bb2 Ba3 14. Bxa3 Qxa3 15. Rfd1 Re8 16. Rd2 Qe7 17. Rad1 Ng6 18. Qb1 Qe5 19. Qb2 a5 20. Nf3 Qe7 21. h3 b5 22. Bd3 Bb7 23. Ne2 c5 {[#] White must now prevent ...Bxf3.} 24. Ng3 (24. Bxb5 $14 Reb8 25. Nc3) 24... Bxf3 $1 $11 25. gxf3 Qe6 ({Black should try} 25... Nh4 $11 26. Be2 h6) 26. Bf5 $14 Qe7 {Threatening ...Nh4.} 27. Bd3 (27. Ne4 $5) 27... Qe6 {[#] aiming for ...Nh4.} (27... Nh4 $5 28. Be2 $8 h6 $11) 28. Bf5 Qe7 $1 {With the idea ...Nh4.} 29. Bd3 {Accuracy: White = 82%, Black = 88%.} (29. Ne4 $5) 1/2-1/2

[Event "FIDE Chesscom Online Nations Cup"]
[Site "Online"]
[Date "2020.05.07"]
[Round "6"]
[White "Nepomniachtchi, Ian"]
[Black "Vachier-Lagrave, Maxime"]
[Result "0-1"]
[WhiteElo "2778"]
[BlackElo "2860"]
[Annotator "TA"]
[PlyCount "222"]
[EventDate "2020.05.05"]
[EventType "team-tourn"]
[SourceTitle "playchess.com"]
[Source "ChessBase"]
[SourceQuality "1"]
[WhiteTeam "Russia"]
[BlackTeam "Europe"]
[WhiteTeamCountry "RUS"]
[BlackTeamCountry "FRA"]

{[%evp 13,222,33,56,19,19,19,19,19,19,23,28,25,35,0,0,0,0,0,0,-27,-32,-47,-45,-83,0,0,0,0,0,0,0,0,0,0,0,0,0,0,0,0,0,0,44,-358,-357,-353,-320,-392,-384,-329,0,0,0,-386,-389,-398,-393,-386,-384,-378,-379,-376,-347,-374,-324,-394,-324,-324,-304,-313,-304,-301,-311,-268,-279,-264,-87,-85,-86,-82,-67,-67,-51,-47,-47,-130,-101,-121,-61,-55,-55,-85,-37,-37,-37,-122,-56,-58,0,0,0,-8,0,-8,-8,-37,-8,-8,0,-37,-37,-38,-38,-163,-163,-163,-163,-163,-163,-163,-163,-163,-163,-163,-163,-163,-163,-163,-163,-163,-8,-13,-13,-163,-163,-208,-208,-208,-163,-163,-163,-163,-163,-163,-163,-163,-163,-568,-568,-550,-208,-208,-208,-208,-208,-210,-211,-211,-216,-216,-208,-208,-208,-208,-208,-208,-208,-216,-208,-8352,-7546,-3058,-1401,-29940,-12851,-4717,-29939,-1761,-1761,-29961,-29963,-29968,-29971,-29970,-29971,-29973,-29974,-29974,-29976,-29976,-29975,-29976,-29977,-29976,-29978,-29975,-29975,-29974,-29976,-29982,-29980,-29982,-29983,-29983,-29981,-29984,-29985,-29995,-29986,-29996,-29997]} 1. e4 c6 2. d4 d5 3. e5 Bf5 4. Nf3 e6 5. Be2 c5 6. Be3 Qb6 7. Nc3 {[%cal Bb1c3,Bc3a4,Ba4c5][%mdl 32]} Nc6 8. Na4 {B12: Caro-Kann: Advance Variation.} Qa5+ 9. c3 {[%cal Rd4c5]} cxd4 {9...c4 is the modern continuation.} 10. Nxd4 {The position is equal.} Nxd4 11. Bxd4 Ne7 12. g4 Bg6 13. Nc5 Qc7 {[#]} 14. h4 $146 ({Predecessor:} 14. f4 Nc6 15. O-O Nxd4 16. cxd4 Bxc5 17. Rc1 O-O 18. Rxc5 Qd7 19. Qb3 Be4 20. Rfc1 {½-½ (55) Vachier Lagrave,M (2765)-So,W (2788) Shamkir 2015}) 14... h5 15. gxh5 Bf5 16. Qb3 O-O-O 17. a4 {[%cal Ba2a4,Ba4a5,Ba5a6][%mdl 32]} Nc6 18. a5 Nxd4 ({Better is} 18... Bxc5 $17 19. Bxc5 Qxe5) 19. cxd4 $11 Bxc5 20. dxc5 Qxc5 21. O-O Kb8 22. Rfc1 Qe7 23. a6 {Threatens to win with axb7.} b6 $1 24. Rc6 $1 Be4 25. f3 Rxh5 26. fxe4 Rxh4 27. Bf3 Rh3 ({But not} 27... dxe4 $6 28. Bg2 $16) 28. exd5 $2 {[%mdl 8192]} (28. Rc3 $14 {keeps the upper hand.}) 28... Qg5+ $1 $19 29. Kf1 Qf4 $1 30. Ra3 Rh1+ $1 31. Ke2 Rh2+ 32. Kf1 {Rxb6+! would kill now.} Rh1+ $1 $40 {[%mdl 128] White needs to defend precisely.} 33. Ke2 {White threatens Rxb6+! and mate.} Qxe5+ {[%mdl 64] Double Attack} 34. Kd3 Rxd5+ 35. Bxd5 Rh3+ {[%mdl 64] Skewer} 36. Kc2 {Intending Qxb6+! and mate.} Rxb3 37. Rxb3 Qe2+ ({Not} 37... Qxd5 38. Rbc3 $19) 38. Kb1 exd5 {[%mdl 4096] Endgame KQ-KRR} 39. Ra3 d4 40. Rc2 Qb5 41. Rd2 Qf1+ 42. Ka2 Qc4+ 43. Kb1 g5 44. Rf3 g4 $2 (44... Qd5 $19 {has better winning chances.} 45. Rfd3 Qf5) 45. Rf4 $17 g3 {Hoping for ...f5.} 46. Rdxd4 Qe6 47. Rg4 b5 48. Rg8+ Kc7 49. Rdg4 (49. Rd3 $1 $15) 49... Qxa6 50. Rxg3 {[#]} Qe6 (50... b4 $1 $17 {aiming for ...Qf1+.} 51. R8g4 Qe6) 51. Rc3+ $15 Kb7 {White must now prevent ...b4.} 52. Rgg3 b4 53. Rce3 Qf5+ 54. Ka2 {[#]} (54. Rd3 $15) 54... Qd5+ (54... Kc6 $1 $17 55. Rd3 a5) 55. b3 a5 (55... Qd2+ $15 56. Kb1 Qd1+ 57. Kb2 Kc6) 56. Rd3 $1 $11 {[%cal Rd3d5]} Qc6 57. Rgf3 Qc2+ 58. Ka1 {[#]} f5 $1 {[%mdl 512]} 59. Rfe3 (59. Rxf5 Qxd3) 59... Qc1+ 60. Ka2 Qc2+ (60... Qc5 {is interesting.} 61. Re2 f4 62. Red2 Kc6 63. Rd4 Qe5) 61. Ka1 Qc7 {Strongly threatening ...f4.} (61... Qh2 {is more complex.} 62. Re7+ Kc6 63. Re6+ Kc5 64. Re8 Qg1+) 62. Kb1 f4 63. Rh3 (63. Re2 $15) 63... Qe7 64. Kc2 Qe2+ 65. Kc1 Qe4 66. Kd2 {[#]} a4 $1 {[%mdl 512]} 67. bxa4 Kb6 68. Rhf3 Ka5 69. Rf1 Qg2+ 70. Ke1 {[#]} Qc2 $1 {[%mdl 512]} 71. Rff3 Kxa4 $2 ({Black should play} 71... Qc4 $19 72. Kd2 Kxa4) 72. Rd4 $1 Qc1+ 73. Rd1 {White is now going downhill.} (73. Ke2 $1 $11 {and White stays safe.}) 73... Qc5 $19 74. Kf1 Qc4+ 75. Kg1 Qg8+ 76. Kf1 Qg4 77. Kf2 Qh4+ 78. Kg2 Qg5+ 79. Kf2 Qe5 {...b3 is the strong threat.} 80. Rf1 $2 (80. Rdd3) 80... b3 81. Kg1 Qd4+ $2 (81... Qc5+ 82. Kg2 b2 83. Rxf4+ Ka3 84. R4f3+ Ka2) 82. Kh2 Qh8+ 83. Kg1 Qg7+ 84. Kh2 Qh7+ 85. Kg1 Qg6+ 86. Kh2 b2 87. Rxf4+ Kb3 88. R4f3+ Ka2 89. R3f2 Qh7+ 90. Kg1 Qd3 {And now ...Ka3 would win.} 91. Kh2 $2 (91. Kg2) 91... Ka3 92. Rf7 Qd6+ (92... Qe4 $142 93. R7f3+ Ka4) 93. Kg2 Qd5+ 94. R7f3+ Ka2 95. R1f2 Ka1 96. Kg3 Qd6+ {Black mates.} 97. Kg2 b1=Q 98. Rf1 {[#]} Qxf1+ $1 99. Kxf1 {KQ-KR} (99. Rxf1+ Kb2) 99... Kb2 100. Ke2 Kc2 101. Re3 Qd5 102. Kf2 Qf5+ 103. Ke2 Qg4+ 104. Rf3 Qe4+ 105. Kf2 Kd2 106. Ra3 Qd5 107. Rg3 Qe5 108. Kf3 Qf5+ 109. Kg2 Ke2 110. Kg1 Qf2+ {[%mdl 64] Double Attack} 111. Kh1 Kf1 {Accuracy: White = 67%, Black = 78%.} 0-1

[Event "FIDE Chesscom Online Nations Cup"]
[Site "Online"]
[Date "2020.05.07"]
[Round "6"]
[White "Radjabov, Teimour"]
[Black "Ding, Liren"]
[Result "0-1"]
[WhiteElo "2758"]
[BlackElo "2836"]
[Annotator "TA"]
[PlyCount "106"]
[EventDate "2020.05.05"]
[EventType "team-tourn"]
[SourceTitle "playchess.com"]
[Source "ChessBase"]
[SourceQuality "1"]
[WhiteTeam "World"]
[BlackTeam "China"]
[WhiteTeamCountry "AZE"]
[BlackTeamCountry "CHN"]

{[%evp 9,106,-7,-12,-10,0,-16,0,-26,0,-4,16,9,9,10,12,6,10,9,12,0,0,-17,-14,-15,-21,-22,-19,-29,-15,-52,-52,-54,-58,-60,-58,-72,-72,-71,-75,-76,-67,-70,-60,-62,-63,-64,-52,-59,-60,-71,-64,-66,-60,-62,-62,-69,-70,-60,-54,-64,-43,-85,-37,-56,-33,-85,-37,-153,-148,-138,-138,-183,-163,-175,0,-171,-159,-152,-162,-176,-163,-195,-167,-6287,-6199,-6279,-6140,-6203,-6237,-6187,-6156,-5645,-5617,-29975,-29976,-29976,-29977,-29977,-29978]} 1. Nf3 Nf6 2. b3 d5 3. Bb2 Bf5 4. e3 h6 5. d3 e6 6. Nbd2 {A06: Réti Opening: 1 Nf3 d5.} Be7 7. h3 Bh7 8. g4 {The position is equal.} c5 {[#]} 9. Ne5 $146 ({Predecessor:} 9. g5 hxg5 10. Nxg5 Bg6 11. Rg1 Rh6 12. h4 Nc6 13. Be2 Qa5 14. h5 Bxh5 15. Bxh5 Nxh5 {0-1 (37) Jadoul,M (2350)-Boidman,Y (2408) Belgium 2004}) 9... Nbd7 10. Nxd7 Qxd7 11. Bg2 d4 12. O-O O-O 13. Nc4 Rad8 14. Qf3 Nd5 15. exd4 cxd4 16. Bxd4 Nb4 17. Bc3 Nxc2 18. Rad1 $1 Nd4 $36 {[%mdl 2048] Black is pushing.} ({Don't go for} 18... Bxd3 $2 19. Ne5 $18) 19. Qe3 Bf6 20. Ne5 Qd6 21. Bxd4 Qxd4 22. Qxd4 Rxd4 23. Rfe1 Bxe5 24. Rxe5 b6 ({Much weaker is} 24... Rxd3 $6 25. Rxd3 Bxd3 26. Bxb7 $11) 25. Be4 Rc8 26. Bxh7+ Kxh7 $15 {[%mdl 4096] Endgame KRR-KRR} 27. Re4 Rd5 28. Ra4 Rc7 29. Kg2 Kg6 30. Rd2 Rcd7 31. f4 Kf6 32. d4 g5 33. fxg5+ hxg5 34. Kf3 Kg6 35. Rc4 f6 36. a4 R5d6 37. Ke3 (37. Rd3 $15) 37... f5 38. Rcc2 (38. Rd3 $15) 38... Rh7 $17 39. Rh2 Rh4 40. Rcg2 Kf6 41. Rf2 Kg6 42. Rfg2 a5 43. Rh1 Rh8 44. Rhh2 Rc6 45. Kd3 Rhc8 {White must now prevent ...Rc3+.} 46. Rc2 $2 {[#]} (46. Re2) 46... Rxc2 $1 $19 47. Rxc2 Rxc2 48. Kxc2 {KP-KP} Kf6 49. Kd3 {[#]} Ke7 $1 {[%cal Re7d6]} 50. Ke3 Kd6 51. Kf2 fxg4 {Black mates.} 52. hxg4 Kd5 53. Ke3 e5 {Accuracy: White = 69%, Black = 95%.} 0-1